000
00298nam a2200145Ia 4500
100
_a
Bailey/ Duane A
942
_c
BK
654
_a
Computer
245
_a
Java TM Structures
260
_b
Mc Graw Hill
_c
1999
082
_a
005.133'J'
_b
BAI
300
_a
369
546
_a
ENGLISH
999
_c
30479
_d
30479